[Event "Vaujany 2021 Principal"]
[Site "Vaujany"]
[Date "2021.07.21"]
[Round "7.7"]
[White "Frederic, Clément"]
[Black "Philippe, Guillaume"]
[Result "0-1"]
[WhiteElo "2242"]
[BlackElo "2377"]
[PlyCount "78"]
[EventDate "2021.07.15"]
[EventType "swiss"]
[EventRounds "9"]
[EventCountry "FRA"]
[SourceVersionDate "2021.07.15"]

1. e4 c5 2. Nf3 e6 3. c3 Nf6 4. e5 Nd5 5. d4 cxd4 6. cxd4 d6 7. Bc4 Nc6 8. O-O
Be7 9. Qe2 O-O 10. Nc3 Nxc3 11. bxc3 dxe5 12. dxe5 Qa5 13. Bd2 Rd8 14. Rfd1 b6
15. Bd3 Bb7 16. Bg5 Bxg5 17. Nxg5 h6 18. Nf3 Ne7 19. Rac1 Bxf3 20. gxf3 Rac8
21. c4 Nc6 22. f4 Nd4 23. Qb2 Qc5 24. Be4 Rd7 25. Rd3 Rcd8 26. Kg2 Nf5 27. Rxd7
Rxd7 28. Bxf5 Qc6+ 29. Kg1 exf5 30. Qb5 Qg6+ 31. Kf1 Rd4 32. Qe8+ Kh7 33. c5
bxc5 34. Rxc5 Rd1+ 35. Ke2 Qg4+ 36. Ke3 Qh3+ 37. f3 Qf1 38. Qb5 Qg1+ 39. Ke2
Qe1# 0-1

[Event "Vaujany 2021 Principal"]
[Site "Vaujany"]
[Date "2021.07.21"]
[Round "7.5"]
[White "Pourquet, Matthieu"]
[Black "Boyer, Mahel"]
[Result "1/2-1/2"]
[WhiteElo "2205"]
[BlackElo "2412"]
[PlyCount "93"]
[EventDate "2021.07.15"]
[EventType "swiss"]
[EventRounds "9"]
[EventCountry "FRA"]
[SourceVersionDate "2021.07.15"]

1. d4 Nf6 2. c4 e6 3. Nc3 d5 4. cxd5 exd5 5. Bg5 c6 6. e3 Be6 7. Qb3 Qb6 8.
Bxf6 gxf6 9. Qc2 Nd7 10. Bd3 h5 11. Nge2 h4 12. Nf4 Bd6 13. Nce2 Qb4+ 14. Qc3
b5 15. O-O Qxc3 16. Nxc3 f5 17. Nce2 Nf6 18. a4 b4 19. Rac1 Kd7 20. b3 Rhg8 21.
Rc2 Rac8 22. Ba6 Rc7 23. Rfc1 Rb8 24. f3 Rb6 25. Bd3 a5 26. Kf2 Rb8 27. Ng1 Rg8
28. Ngh3 Rg7 29. Bf1 Rg8 30. Kg1 Re8 31. Nd3 Nh5 32. Nc5+ Bxc5 33. Rxc5 Ra8 34.
Nf4 Nxf4 35. exf4 Kd6 36. Bd3 Bd7 37. Kf2 Rcc8 38. Re1 Rg8 39. Re5 f6 40. Re2
Rg7 41. Re1 Rgg8 42. Rh1 Rh8 43. Re1 Rhg8 44. g3 Rh8 45. Rg1 hxg3+ 46. hxg3
Rh2+ 47. Rg2 1/2-1/2

[Event "Vaujany 2021 Principal"]
[Site "Vaujany"]
[Date "2021.07.20"]
[Round "6.6"]
[White "Bournel, A."]
[Black "Flear, G."]
[Result "0-1"]
[WhiteElo "2293"]
[BlackElo "2433"]
[PlyCount "92"]
[EventDate "2021.07.15"]
[EventType "swiss"]
[EventRounds "9"]
[EventCountry "FRA"]
[SourceVersionDate "2021.07.15"]

1. d4 d5 2. c4 e6 3. Nf3 c6 4. Nc3 dxc4 5. a4 Bb4 6. e4 b5 7. Be2 Nf6 8. Qc2
Bb7 9. Bg5 Qb6 10. Bxf6 gxf6 11. O-O Nd7 12. b3 cxb3 13. Qxb3 Bxc3 14. Qxc3 a5
15. Rfc1 b4 16. Qe3 Rc8 17. Rd1 Ba6 18. Bxa6 Qxa6 19. Rac1 Rg8 20. Nd2 Nb6 21.
Ra1 Ke7 22. Nb3 Nd7 23. Rac1 Qb6 24. Rc2 Rg5 25. Rdc1 Kf8 26. h4 Rg4 27. g3 Kg7
28. Qf3 Rg6 29. Kg2 h6 30. Qe2 Kh7 31. Qh5 Qa6 32. Qf3 Kg7 33. Qf4 Qa8 34. Qd6
Nb6 35. h5 Rg5 36. f4 Rg4 37. Kh3 f5 38. exf5 exf5 39. Rc5 Nd5 40. Nxa5 Re8 41.
Rxc6 Qxa5 42. Ra6 Qd8 43. Qxh6+ Kg8 44. Rd6 Qe7 45. Rg1 Nxf4+ 46. gxf4 Qh4# 0-1

[Event "Vaujany 2021 Principal"]
[Site "Vaujany"]
[Date "2021.07.21"]
[Round "7.4"]
[White "Flear, G."]
[Black "Horvath, J."]
[Result "1/2-1/2"]
[WhiteElo "2433"]
[BlackElo "2420"]
[PlyCount "41"]
[EventDate "2021.07.15"]
[EventType "swiss"]
[EventRounds "9"]
[EventCountry "FRA"]
[SourceVersionDate "2021.07.15"]

1. d4 Nf6 2. c4 e6 3. Nc3 d5 4. cxd5 Nxd5 5. e4 Nxc3 6. bxc3 c5 7. Nf3 cxd4 8.
cxd4 Bb4+ 9. Bd2 Bxd2+ 10. Qxd2 O-O 11. Bc4 Nd7 12. O-O b6 13. Rfe1 Bb7 14.
Rad1 Rc8 15. Bb3 Re8 16. h3 Nf6 17. Qf4 Nh5 18. Qg4 Nf6 19. Qf4 Nh5 20. Qg4 Nf6
21. Qf4 1/2-1/2